000 00710 a2200205 4500
010 _aENG-85173
020 _a8180545024
_c170.00
035 _aEN-68706
037 _bD.B.Act / Pub
082 1 4 _a658.15
090 _c1568
_d1568
100 1 _aMaheshwari, S. N.
245 1 _aElements of financial managment
_cby S. N. Mahehswari
250 _a10th rev. & enl. ed.
260 _aNew Delhi
_bSultan Chand & Sons
_c2006
270 _a23, Daryaganj
_bNew Delhi
_e110 002
_k011-23243183, 011- 23247051, 011-23266105
_l011-23266357
300 _axiv, various pagings
_b24 cm (Pbk.)
942 _adpl
_cEN
_k658.15 / MAH
999 _c1542
_d1542